Statistiken für Geographie Deutschlands

Klicken Sie hier um das Quiz zu spielen!

Allgemein

  • Dieses Quiz wurde 11.579 mal gespielt
  • Das Durchschnittsergebnis liegt bei 16 aus 20

Antwortstatistiken

FrageAntworten% Korrekt
Welche zwei Meere grenzt Deutschland an?Nordsee
98%
Welche zwei Meere grenzt Deutschland an?Ostsee
97%
Was sind die zwei längsten Flüsse, die durch Deutschland fließen?Rhein
97%
Welches Bundesland umgibt Berlin vollständig?Brandenburg
96%
Was sind die zwei längsten Flüsse, die durch Deutschland fließen?Donau
94%
Was ist Deutschlands höchster Berg?Zugspitze
94%
In welcher Stadt befindet sich die Europäische Zentralbank?Frankfurt
93%
Welcher Fluss fließt durch Hamburg?Elbe
90%
In welcher Stadt fanden 1972 die Olympischen Sommerspiele statt?München
90%
Welcher große See grenzt an Österreich, Deutschland und die Schweiz?Bodensee
89%
Welche Region im Südwesten ist wahrscheinlich der berühmteste Wald Deutschlands?Schwarzwald
88%
Was ist nach Bayern das flächenmäßig zweitgrößte Bundesland Deutschlands?Niedersachsen
82%
Was ist das Geburtsland der meisten im Ausland geborenen Deutschen?Türkei
79%
Zu welchem großen Stadtgebiet gehören die Städte Essen, Duisburg und Dortmund?Ruhrgebiet
74%
Welcher Fluss bildet den nördlichen Teil der deutschen Grenze zu Polen?Oder
71%
In welcher französischen Stadt würden Sie sich aufhalten, wenn Sie von der
deutschen Stadt Kehl in westlicher Richtung fahren?
Straßburg
66%
Welche Stadt ist die westlichste in Deutschland?Aachen
65%
Was war der bekannteste Grenzübergang zwischen Ost- und Westberlin?Checkpoint Charlie
60%
Welcher Kanal verbindet diese beiden Meere?Nord-Ostsee-Kanal
50%
Welche große Halbinsel teilt Deutschland mit Dänemark?Jütland
29%

Verteilung der Resultate

Perzentil nach korrekt beantworteten Fragen

Anzahl Personen mit jedem Resultat

Ihre Resultats-Entwicklung

Sie haben dieses Quiz noch nicht gespielt